000 00535nmm a2200169Ia 4500
008 251105s9999||||xx |||||||||||||||||und||
020 _a9789502330105
041 _aspa
100 _aRuiz, Guillermo Ramón
245 0 _aEl derecho a la educación :
_b Definiciones, normativas y políticas públicas revisadas
264 _a[Buenos Aires, Argentina] :
_bEudeba,
_c2020
300 _a262 páginas
490 _aTemas - Educación
650 _aEducation
856 _uhttps://public.digitaliapublishing.com/a/128400
942 _cCF
999 _c93320
_d93320